Quantum entropy and its use

Αποθηκεύτηκε σε:
Λεπτομέρειες βιβλιογραφικής εγγραφής
Κύριος συγγραφέας: Ohya, Masanori 1947-
Άλλοι συγγραφείς: Petz, Denes 1953- .
Μορφή: Βιβλίο
Γλώσσα:English
Δημοσίευση: Berlin : New York : Springer-Verlag, c1993
Σειρά:Texts and monographs in physics
Θέματα:
Ετικέτες: Προσθήκη ετικέτας
Δεν υπάρχουν, Καταχωρήστε ετικέτα πρώτοι!

MARC

LEADER 00000cam a2200000 i 4500
001 1/30185
008 941103s1993 eng d
020 |a 3540548815 
020 |a 0387548815 
035 |l 10038506 
035 |a 1993  |c ΧΑΤΖΗΣΑΒΒΑΣ 
040 |a GR-MY-UA  |b gre  |e aacr 
041 0 |a eng 
082 0 |a 530.13  |2 (20) 
100 1 |a Ohya, Masanori  |d 1947- 
245 1 0 |a Quantum entropy and its use /  |c Masanori Ohya, Denes Petz 
260 |a Berlin :   |a New York :   |b Springer-Verlag,   |c c1993 
300 |a viii, 335 p.;  |c 25 cm 
490 1 |a Texts and monographs in physics 
504 |a Includes bibliographical references (p. [315]-331) and index 
650 0 0 |a Quantum entropy. 
700 1 |a Petz, Denes   |d 1953- . 
830 0 |a Texts and monographs in physics 
852 |a INST  |b SAMOS  |e 19941103  |h 530.13 OHY  |p 005300003567  |q 005300003567  |t BK  |y 0 
909 |a Σ  |b 030762